Revista de educación. (Record no. 1829)

MARC details
000 -LEADER
campo de control de longitud fija 01028nas a2200313 i 4500
001 - NÚMERO DE CONTROL
campo de control 1829
003 - IDENTIFICADOR DE NÚMERO DE CONTROL
campo de control ES-MaACL
005 - FECHA Y HORA DE LA ÚLTIMA TRANSACCIÓN
campo de control 20250828062528.0
007 - CAMPO FIJO DE DESCRIPCIÓN FÍSICA--INFORMACIÓN GENERAL
campo de control de longitud fija t|
008 - DATOS DE LONGITUD FIJA--INFORMACIÓN GENERAL
campo de control de longitud fija 950801d19522012sp | | 1 ||pa d
022 ## - NÚMERO INTERNACIONAL NORMALIZADO PARA PUBLICACIONES SERIADAS
Número Internacional Normalizado para Publicaciones Seriadas 0034-8082
080 ## - NÚMERO DE LA CLASIFICACIÓN DECIMAL UNIVERSAL
Número de la Clasificación Decimal Universal 37
245 00 - MENCIÓN DEL TÍTULO
Título Revista de educación.
260 ## - PUBLICACIÓN, DISTRIBUCIÓN, ETC.
Lugar de publicación, distribución, etc. Madrid :
Nombre del editor, distribuidor, etc. Servicio de Publicaciones del Ministerio de Educación Nacional,
Fecha de publicación, distribución, etc. 1952-2012.
300 ## - DESCRIPCIÓN FÍSICA
Extensión 18 v. ;
Dimensiones 31 cm.
310 ## - PERIODICIDAD ACTUAL
Periodicidad actual Bimestral
321 ## - PERIODICIDAD ANTERIOR
Periodicidad anterior Bimestral,
Fechas de la periodicidad anterior 1952
321 ## - PERIODICIDAD ANTERIOR
Periodicidad anterior Mensual,
Fechas de la periodicidad anterior 1953-nov. 1955
321 ## - PERIODICIDAD ANTERIOR
Periodicidad anterior Bimensual,
Fechas de la periodicidad anterior dic. 1956-sep.1961
321 ## - PERIODICIDAD ANTERIOR
Periodicidad anterior Mensual,
Fechas de la periodicidad anterior oct. 1961-1968
362 0# - FECHAS DE PUBLICACIÓN Y/O DESIGNACIÓN SECUENCIAL
Fecha de publicación y/o designación secuencial Año 1, v. 1, n. 1 (en.-abr. 1952)-n. 359 (sept.-dic. 2012)
500 ## - NOTA GENERAL
Nota general Los índices van colocados junto con la revista.
500 ## - NOTA GENERAL
Nota general No se publicó de ene.-abr. de 1969.
650 #7 - PUNTO DE ACCESO ADICIONAL DE MATERIA--TÉRMINO DE MATERIA
Término de materia o nombre geográfico como elemento de entrada Educación
Fuente del encabezamiento o término embne
9 (RLIN) 12073
710 2# - ENTRADA AGREGADA--NOMBRE DE ENTIDAD CORPORATIVA
Nombre de entidad corporativa o nombre de jurisdicción como elemento de entrada España.
Unidad subordinada Ministerio de Educación Nacional.
9 (RLIN) 3859
852 ## - LOCALIZACIÓN
Ubicación ES-MaACL
Número de control de estantería Hem-981
866 #0 - MENCIÓN TEXTUAL DE FONDOS--UNIDAD BIBLIOGRÁFICA BÁSICA
Fondos 1952-1967(1968f.n.201-202)(1969f.n.205).1970.
Holdings
Estatus retirado Estado de pérdida Estado de daño No para préstamo Colección Biblioteca de origen Biblioteca actual Ubicación en estantería Fecha de adquisición Fuente de adquisición Total de préstamos Signatura topográfica completa Código de barras Visto por última vez Precio de reemplazo Tipo de ítem Koha
        Periódicos y Revistas Biblioteca del Ateneo de Madrid Biblioteca del Ateneo de Madrid Depósito 1 17/01/2008     Hem-981 1001867 23/02/2023 23/02/2023 Revista